| 000 | 00639nam a2200193 a 4500 | ||
|---|---|---|---|
| 001 | 1054 | ||
| 005 | 20140414131918.0 | ||
| 008 | 041014s19uu xx 00 eng d | ||
| 020 | _a0-688-09596-8 | ||
| 050 |
_aER _bL72 1990 |
||
| 100 | _aWade, Barrie | ||
| 245 |
_aLittle monster / _cStory by Barrie Wade ; pictures by Katinka Kew. |
||
| 260 |
_aNew York : _bLothrop Lee & Shepard Books, _c1990. |
||
| 300 | _a1 v. p. : ill. ; cm. | ||
| 520 | _aMandy, who is usually perfectly behaved, tries acting naughty and finds that her mother still loves her. | ||
| 650 |
_aBehavior _xFiction. |
||
| 650 | _aChildren stories. | ||
| 999 |
_c111587 _d111587 |
||